[Event "EU-ch 21st"]
[Site "Reykjavik"]
[Date "2021.09.02"]
[Round "8"]
[White "Heimisson, Hilmir Freyr"]
[Black "Moller, Agnar T"]
[Result "0-1"]
[WhiteElo "2309"]
[BlackElo "1932"]
[PlyCount "80"]
[EventDate "2021.08.26"]
[EventType "swiss"]
[EventRounds "11"]
[EventCountry "ISL"]
[SourceTitle "CBM 204"]
[Source "ChessBase"]
[SourceDate "2021.10.31"]
[SourceVersion "1"]
[SourceVersionDate "2021.10.31"]
[SourceQuality "1"]

1. Nf3 Nf6 2. c4 c6 3. g3 d5 4. Bg2 Bg4 5. Ne5 Be6 6. cxd5 Bxd5 7. Nf3 Bxf3 8. Bxf3 e5 9. d3 Be7 10. b3 Qd4 11. e3 Qxa1 12. Qc2 e4 13. dxe4 Qe5 14. 0-0 Nbd7 15. Nd2 Qc7 16. Be2 h5 17. a3 0-0-0 18. Bb2 Ne5 19. h3 Qd6 20. Rd1 Qe6 21. Rc1 Rd7 22. Bd4 c5 23. b4 Nc6 24. bxc5 Rxd4 25. exd4 Nxd4 26. Qd3 Nxe2+ 27. Qxe2 Kb8 28. Rc4 Rc8 29. Nb3 Qxh3 30. c6 Ng4 31. Qf3 Ne5 32. Qf4 Qe6 33. Rc3 Qf6 34. Qe3 Rxc6 35. Nd4 Rxc3 36. Qxc3 Ng4 37. f3 Qb6 38. Kg2 Bf6 39. fxg4 Qxd4 40. Qf3 hxg4 0-1

[Event "EU-ch 21st"]
[Site "Reykjavik"]
[Date "2021.08.26"]
[Round "1"]
[White "Plat, Vojtech"]
[Black "Moller, Agnar T"]
[Result "1-0"]
[WhiteElo "2531"]
[BlackElo "1932"]
[PlyCount "49"]
[EventDate "2021.08.26"]
[EventType "swiss"]
[EventRounds "11"]
[EventCountry "ISL"]
[SourceTitle "CBM 204"]
[Source "ChessBase"]
[SourceDate "2021.10.31"]
[SourceVersion "1"]
[SourceVersionDate "2021.10.31"]
[SourceQuality "1"]

1. d4 Nf6 2. c4 e6 3. g3 d5 4. Bg2 Bb4+ 5. Nd2 0-0 6. Qc2 b6 7. Ngf3 Bb7 8. 0-0 Nbd7 9. a3 Bxd2 10. Bxd2 dxc4 11. Qxc4 c5 12. Rfd1 Rc8 13. dxc5 Nxc5 14. Bg5 Qe7 15. Qf4 Nce4 16. Bh4 Qc5 17. g4 Rfd8 18. Rxd8+ Rxd8 19. Rc1 Qd6 20. Ne5 Rf8 21. Bxf6 gxf6 22. Nd3 Qxf4 23. Nxf4 f5 24. gxf5 exf5 25. Rc7 1-0

[Event "Reykjavik op"]
[Site "Reykjavik"]
[Date "2019.04.09"]
[Round "2"]
[White "Stoyanov, Viktor"]
[Black "Moller, Agnar T"]
[Result "1-0"]
[WhiteElo "2238"]
[BlackElo "1942"]
[PlyCount "43"]
[EventDate "2019.04.08"]
[EventType "swiss"]
[EventRounds "9"]
[EventCountry "ISL"]
[SourceTitle "CBM 189 Extra"]
[Source "ChessBase"]
[SourceDate "2019.06.03"]
[SourceVersion "1"]
[SourceVersionDate "2019.06.03"]
[SourceQuality "1"]

1. c4 e5 2. Nc3 d6 3. Nf3 f5 4. d4 e4 5. Ng5 Be7 6. Nh3 c6 7. e3 Nf6 8. Be2 Be6 9. d5 Bf7 10. f3 Na6 11. 0-0 exf3 12. Bxf3 Rc8 13. Ng5 0-0 14. Nxf7 Rxf7 15. Ne2 cxd5 16. cxd5 Nc5 17. b3 Nfe4 18. Bb2 Bf6 19. Bxf6 Qxf6 20. b4 Nd7 21. Bxe4 Qg5 22. Bf3 1-0

[Event "ISL-chT2 1819"]
[Site "Reykjavik"]
[Date "2018.11.11"]
[Round "4.3"]
[White "Moller, Agnar T"]
[Black "Hauksson, Hordur Aron"]
[Result "1/2-1/2"]
[WhiteElo "1928"]
[BlackElo "1829"]
[PlyCount "46"]
[EventDate "2018.11.09"]
[EventType "team-tourn"]
[EventRounds "7"]
[EventCountry "ISL"]
[SourceTitle "CBM 187 Extra"]
[Source "ChessBase"]
[SourceDate "2018.11.04"]
[SourceVersion "1"]
[SourceVersionDate "2018.11.04"]
[SourceQuality "1"]
[WhiteTeam "Breidjablik Bolungavik II"]
[BlackTeam "Skakdeild Fjolnis II"]
[WhiteTeamCountry "ISL"]
[BlackTeamCountry "ISL"]

1. Nf3 d5 2. c4 c6 3. g3 Nf6 4. Bg2 g6 5. 0-0 Bg7 6. d4 0-0 7. Nc3 Bf5 8. cxd5 cxd5 9. Qb3 b6 10. Ne5 Be6 11. Bg5 Ne4 12. Bf4 Nxc3 13. Qxc3 f6 14. Nd3 Qd7 15. Rac1 g5 16. Bxb8 Raxb8 17. Qc7 Rb7 18. Qc6 Rd8 19. b4 Qxc6 20. Rxc6 Bf5 21. Rfc1 Rbd7 22. Ne1 Kf7 23. e3 e5 1/2-1/2

[Event "ISL-chT 1617"]
[Site "Reykjavik"]
[Date "2017.03.04"]
[Round "8.2"]
[White "Moller, Agnar T"]
[Black "Olafsson, Smari"]
[Result "1/2-1/2"]
[WhiteElo "1902"]
[BlackElo "1994"]
[PlyCount "38"]
[EventDate "2016.09.29"]
[EventType "team-tourn"]
[EventRounds "9"]
[EventCountry "ISL"]
[SourceTitle "EXT 2018"]
[Source "ChessBase"]
[SourceDate "2017.10.13"]
[SourceVersion "1"]
[SourceVersionDate "2017.10.13"]
[SourceQuality "1"]
[WhiteTeam "Reykjanesbaejar"]
[BlackTeam "Akureyri"]
[WhiteTeamCountry "ISL"]
[BlackTeamCountry "ISL"]

1. Nf3 d5 2. c4 e6 3. b3 Nf6 4. g3 Be7 5. Bg2 0-0 6. 0-0 Nbd7 7. d4 b6 8. Qc2 Bb7 9. Nbd2 c5 10. Ba3 Rc8 11. Qb2 dxc4 12. dxc5 c3 13. Qxc3 Nd5 14. Qc4 Nxc5 15. Bxc5 Rxc5 16. Qg4 Bf6 17. Ne4 Rc2 18. Nxf6+ Nxf6 19. Qa4 Qc7 1/2-1/2

[Event "Reykjavik op"]
[Site "Reykjavik"]
[Date "2016.03.12"]
[Round "6"]
[White "Moller, Agnar T"]
[Black "Johannesson, Oliver Aron"]
[Result "0-1"]
[WhiteElo "1882"]
[BlackElo "2177"]
[PlyCount "36"]
[EventDate "2016.03.08"]
[EventType "swiss"]
[EventRounds "10"]
[EventCountry "ISL"]
[SourceTitle "CBM 171 Extra"]
[Source "ChessBase"]
[SourceDate "2016.04.26"]
[SourceVersion "1"]
[SourceVersionDate "2016.04.26"]
[SourceQuality "1"]

1. Nf3 d5 2. d4 Nf6 3. c4 c6 4. Qc2 dxc4 5. Qxc4 Bg4 6. Nc3 Nbd7 7. e4 e5 8. Be3 Bd6 9. Be2 Qe7 10. 0-0 0-0 11. Rfe1 Rfd8 12. a4 Nb6 13. Qb3 Bxf3 14. Bxf3 exd4 15. Bxd4 Bxh2+ 16. Kxh2 Rxd4 17. a5 Nc4 18. Ra4 Qe5+ 0-1

[Event "Reykjavik op"]
[Site "Reykjavik"]
[Date "2015.03.14"]
[Round "6"]
[White "Moller, Agnar T"]
[Black "Rueger, Erhard"]
[Result "1/2-1/2"]
[WhiteElo "1806"]
[BlackElo "2133"]
[PlyCount "80"]
[EventDate "2015.03.10"]
[EventType "swiss"]
[EventRounds "10"]
[EventCountry "ISL"]
[SourceTitle "CBM 165 Extra"]
[Source "ChessBase"]
[SourceDate "2015.04.21"]
[SourceVersion "1"]
[SourceVersionDate "2015.04.21"]
[SourceQuality "1"]

1. Nf3 c5 2. b3 Nf6 3. Bb2 e6 4. e3 Be7 5. g3 b6 6. Bg2 Bb7 7. 0-0 0-0 8. c4 d6 9. Nc3 Nbd7 10. d4 a6 11. Re1 Qc7 12. e4 cxd4 13. Nxd4 Rac8 14. Qe2 Qb8 15. Rad1 Rfd8 16. Na4 Ba8 17. Rd2 Nc5 18. Nc3 Bf8 19. Red1 Bb7 20. Nc2 Qa7 21. f3 Qb8 22. Ne3 Bc6 23. Ba3 Be7 24. Bxc5 dxc5 25. Rxd8+ Rxd8 26. Kf2 b5 27. Rxd8+ Bxd8 28. Qd3 Be7 29. Bf1 b4 30. Ne2 Nd7 31. Bg2 Qe5 32. f4 Qb2 33. e5 Nb8 34. Qc2 Qxc2 35. Nxc2 Bxg2 36. Kxg2 Nc6 37. Ne1 Kf8 38. Nd3 Ke8 39. g4 g6 40. Ng3 Nb8 1/2-1/2

[Event "Reykjavik op"]
[Site "Reykjavik"]
[Date "2015.03.13"]
[Round "5"]
[White "Moller, Agnar T"]
[Black "Foisor, Sabina Francesca"]
[Result "1-0"]
[WhiteElo "1806"]
[BlackElo "2279"]
[PlyCount "153"]
[EventDate "2015.03.10"]
[EventType "swiss"]
[EventRounds "10"]
[EventCountry "ISL"]
[SourceTitle "CBM 165 Extra"]
[Source "ChessBase"]
[SourceDate "2015.04.21"]
[SourceVersion "1"]
[SourceVersionDate "2015.04.21"]
[SourceQuality "1"]

1. Nf3 g6 2. e4 c6 3. d4 d5 4. e5 f6 5. Bd3 Bg7 6. 0-0 Bg4 7. exf6 Nxf6 8. Re1 0-0 9. Nbd2 c5 10. c3 c4 11. Be2 Nc6 12. h3 Bf5 13. Nf1 Qd6 14. Ng3 Nd7 15. b3 cxb3 16. Qxb3 Nb6 17. a4 Qd7 18. a5 Nc8 19. Bb2 e6 20. a6 Rb8 21. Ba3 bxa6 22. Qa4 Rd8 23. Nxf5 exf5 24. Bxa6 Nd6 25. Bxd6 Qxd6 26. Bb5 Ne7 27. Re2 Bf8 28. Rae1 Qb6 29. Bd7 Nc8 30. c4 dxc4 31. Qxc4+ Kh8 32. Qa4 Nd6 33. Ng5 Qb4 34. Qc6 Rb6 35. Qc7 Rdb8 36. Bc6 R6b7 37. Bxb7 Qxb7 38. Qxb7 Rxb7 39. Ne6 Bh6 40. Rc2 Kg8 41. Rc7 Rxc7 42. Nxc7 Kf7 43. Ra1 Bg7 44. Ra4 h5 45. f3 f4 46. d5 Nf5 47. Ne6 Be5 48. Rxa7+ Kf6 49. Ra6 Ke7 50. Ra4 g5 51. Nxg5 Ne3 52. Re4 Kf6 53. d6 Bxd6 54. Re6+ Kxg5 55. Rxd6 Kh4 56. Kf2 Nf5 57. Rg6 Ne7 58. Re6 Nf5 59. Re4 Kg5 60. Re5 Kf6 61. Rxf5+ Kxf5 62. g3 fxg3+ 63. Kxg3 Kg5 64. f4+ Kf6 65. Kf3 Ke6 66. Ke4 Kf6 67. h4 Ke6 68. f5+ Kf7 69. Ke5 Ke7 70. f6+ Kf8 71. Kf5 Kf7 72. Kg5 Kg8 73. Kxh5 Kh7 74. Kg5 Kh8 75. Kg6 Kg8 76. f7+ Kf8 77. h5 1-0

[Event "ISL-chB"]
[Site "Reykjavik"]
[Date "2009.09.02"]
[Round "5"]
[White "Moller, Agnar T"]
[Black "Kristinardottir, Elsa Maria"]
[Result "1-0"]
[WhiteElo "1440"]
[BlackElo "1766"]
[PlyCount "59"]
[EventDate "2009.08.29"]
[EventType "swiss"]
[EventRounds "9"]
[EventCountry "ISL"]
[SourceTitle "EXT 2012"]
[Source "ChessBase"]
[SourceDate "2011.11.24"]
[SourceVersion "1"]
[SourceVersionDate "2011.11.24"]
[SourceQuality "1"]

1. c4 c6 2. e4 d5 3. exd5 cxd5 4. d4 Nf6 5. Nc3 Nc6 6. Bg5 e6 7. Nf3 Be7 8. a3 0-0 9. Bd3 h6 10. Bh4 dxc4 11. Bxc4 Nd5 12. Bxe7 Ncxe7 13. Rc1 b6 14. 0-0 Bb7 15. Re1 Rc8 16. Ba2 Nxc3 17. bxc3 Qd6 18. Bb1 Qxa3 19. Qd3 g6 20. Ne5 Rfd8 21. h4 h5 22. Qe3 Kg7 23. Nxf7 Kxf7 24. Qxe6+ Kf8 25. Qf6+ Kg8 26. Rxe7 Qxc1+ 27. Kh2 Qh6 28. Ba2+ Bd5 29. Bxd5+ Rxd5 30. Qe6+ 1-0

[Event "ISL-chB"]
[Site "Reykjavik"]
[Date "2009.08.30"]
[Round "3"]
[White "Moller, Agnar T"]
[Black "Karlsson, Mikael Johann"]
[Result "1-0"]
[WhiteElo "1440"]
[BlackElo "2042"]
[PlyCount "79"]
[EventDate "2009.08.29"]
[EventType "swiss"]
[EventRounds "9"]
[EventCountry "ISL"]
[SourceTitle "EXT 2012"]
[Source "ChessBase"]
[SourceDate "2011.11.24"]
[SourceVersion "1"]
[SourceVersionDate "2011.11.24"]
[SourceQuality "1"]

1. c4 c5 2. Nc3 g6 3. g3 Bg7 4. Bg2 Nc6 5. Nf3 Nf6 6. 0-0 d6 7. Ne1 0-0 8. Nc2 Be6 9. Ne3 Qd7 10. Re1 Ng4 11. Ned5 Nge5 12. d3 Bxd5 13. cxd5 Nd4 14. h3 f5 15. f4 Nf7 16. a4 b5 17. e3 b4 18. Nb1 a5 19. exd4 Bxd4+ 20. Kh2 Rab8 21. Nd2 h5 22. Nc4 Qc7 23. Qe2 Bf6 24. g4 hxg4 25. hxg4 fxg4 26. Qxg4 Kg7 27. Be4 Rh8+ 28. Kg2 Rh6 29. Bd2 Rbh8 30. Rh1 Rxh1 31. Rxh1 Rxh1 32. Qxg6+ Kf8 33. Kxh1 Qd7 34. f5 Qxa4 35. Bh6+ Nxh6 36. Qxh6+ Bg7 37. Qc1 Qb5 38. f6 Bxf6 39. Qh6+ Bg7 40. Qe6 1-0